000 01679cam a2200433 a 4500
001 6160
003 FISKH
005 20250321092536.0
008 090213s2010 nyua b 000 1 eng
010 _a 2009004752
020 _a9780545125086
020 _a9780545341271
020 _a0545125081
020 _a054512509X
040 _aDLC
_cDLC
_dDLC
_beng
050 _aPZ7.K4575 E
082 _a921
100 1 _aKerley, Barbara.
245 1 4 _aThe extraordinary Mark Twain (according to Susy) /
_cby Barbara Kerley ; iIllustrated by Edwin Fotheringham.
260 _aNew York :
_bScholastic Press,
_c2010.
300 _a64 unnumbered pages :
_bcolor illustrations ;
_c28 cm
500 _aExcerpts from Susy's actual diary appear inside separate mini-book inserted throughout book.
504 _aIncludes bibliographical references and index (pp. 42-45 , p. 45 attached to back cover).
505 _aO
520 _aThirteen-year-old Susy Clemens wants the world to know that her papa, Mark Twain, is more than just a humorist and sets out to write a comprehensive biography of the American icon.
521 8 _a600
_bLexile estimate
521 8 _aO
_bRaz-Plus
600 1 0 _aClemens, Susy,
_d1872-1896
_vJuvenile fiction.
600 1 0 _aTwain, Mark,
_d1835-1910
_vJuvenile fiction.
600 1 1 _aClemens, Susy,
_d1872-1896
_vFiction.
600 1 1 _aTwain, Mark,
_d1835-1910
_vFiction.
650 1 _aAuthors, American
_vFiction.
650 1 _aAuthorship
_vFiction.
650 1 _aBiography
_vFiction.
700 1 _aFotheringham, Edwin,
_eillustrator
906 _a7
_bcbc
_corignew
_d1
_eecip
_f20
_gy-gencatlg
942 _2ddc
_cBK
_n0
999 _c6160
_d6160